Countries Closest to Iraq - 30 Second Sprint - Statistics

General Stats
  • This quiz has been taken 48 times
  • The average score is 11 of 20
Answer Stats
km country miles % Correct
0 Iran 0
98%
0 Kuwait 0
85%
0 Saudi Arabia 0
83%
0 Syria 0
83%
0 Turkey 0
80%
0 Jordan 0
71%
292 Israel 181
68%
220 Lebanon 137
68%
222 Armenia 138
59%
211 Azerbaijan 131
51%
419 Georgia 260
51%
448 Bahrain 378
49%
686 United Arab Emirates 426
41%
492 Qatar 306
39%
468 Egypt 291
34%
463 Cyprus 288
32%
510 Russia 317
29%
697 Turkmenistan 433
17%
321 Palestine 199
15%
834 Kazakhstan 518
10%
No matching quizzes found
Score Distribution
Percent of People with Each Score
Percentile by Number Answered
Your Score History
You have not taken this quiz